| 000 | 01153cam a2200301 i 4500 | ||
|---|---|---|---|
| 003 | SA-RiAUC | ||
| 005 | 20250817073854.0 | ||
| 008 | 250810s2006 sy g 00010 ara c | ||
| 040 |
_aSA-RiKAPL _bara _cSA-RiAUC _erda |
||
| 043 | _aa-tu--- | ||
| 072 | 7 | _a095 | |
| 082 | 0 | 4 | _a953.09 |
| 090 |
_a953.09 _bع ط ا |
||
| 100 | 1 |
_aالعطار، عدنان _eمؤلف. |
|
| 245 | 1 | 2 |
_aالدولة العثمانية من الميلاد إلى السقوط / _cجمع وإعداد عدنان العطار. |
| 250 | _aالطبعة الأولى. | ||
| 264 | 1 |
_aدمشق : _bدار وحي القلم، _c2006 |
|
| 300 |
_a208 صفحة ؛ _c24 سم. |
||
| 336 |
_aنص _btxt _2rdacontent _3كتاب |
||
| 337 |
_aبدون وسيط _bn _2rdamedia |
||
| 338 |
_aمجلد _bnc _2rdacarrier |
||
| 440 | 0 | _aصفحات من التاريخ الإسلامي | |
| 535 | 2 | _a2. | |
| 651 | 7 |
_aالبلاد الإسلامية _xتاريخ _yالحكم العثماني، 1288-1918 _2aucsh |
|
| 651 | 7 |
_aتركيا _xتاريخ _yالإمبراطورية العثمانية، 1288-1918 _2aucsh |
|
| 942 |
_2ddc _cBOOK _n0 |
||
| 949 |
_aSA-JeALM _d250810 _umohamedma123 _n1 |
||
| 999 |
_c10898 _d10898 |
||